Endokrinológia - anyagcsere a táplálkozás kórélettana /

Elmentve itt :
Bibliográfiai részletek
Szerzők: Szabó Gyula
Jászberényi Miklós
Dokumentumtípus: Prezentáció
Kulcsszavak:endokrinológia
endokrin betegségek
táplálkozás
Tárgyszavak:
Online Access:http://eta.bibl.u-szeged.hu/1185
LEADER 00906nnm a2200253 i 4500
001 eta1185
005 20190423085501.0
008 181129suuuu hu o 0|| hun d
040 |a SZTE Elektronikus Tananyag Archívum  |b hun 
041 |a hun 
100 1 |a Szabó Gyula 
245 1 0 |a Endokrinológia - anyagcsere   |h [elektronikus dokumentum] :  |b a táplálkozás kórélettana /  |c  Szabó Gyula 
516 |a Presentation 
650 4 |a Orvos- és egészségtudomány 
650 4 |a Klinikai orvostan 
650 4 |a Endokrinológia és anyagcserebetegségek (benne cukorbetegség, hormonok) 
650 4 |a Endokrinológia 
650 4 |a Egészségtudományok 
650 4 |a Táplálkozás, dietetika 
695 |a endokrinológia 
695 |a endokrin betegségek 
695 |a táplálkozás 
700 0 1 |a Jászberényi Miklós  |e aut 
856 4 0 |u https://eta.bibl.u-szeged.hu/1185/1/taplalkozas.pptx  |z Dokumentum-elérés